[Event "46th GRE-chT Premier 2018"]
[Site "Rio Achaia"]
[Date "2018.07.15"]
[Round "7"]
[White "Vozinaki, Anthi - Maria"]
[Black "Kafetzi, Angeliki"]
[Result "1-0"]
[WhiteElo "1971"]
[BlackElo "1815"]
[Annotator "NA"]
[PlyCount "75"]
[EventDate "2018.07.10"]
[EventType "team-tourn"]
[EventCountry "GRE"]
[SourceTitle "playchess.com"]
[Source "ChessBase"]
[SourceQuality "1"]

1. e4 c5 2. Nf3 Nc6 3. d4 cxd4 4. Nxd4 Nf6 5. Nc3 e5 6. Ndb5 d6 7. Bg5 a6 8. Na3 b5 9. Nd5 Qa5+ 10. Bd2 Qd8 11. Bg5 Qa5+ 12. Bd2 Qd8 13. Nxf6+ Qxf6 14. c4 Qg6 15. f3 Be7 16. Be3 b4 17. Nc2 O-O 18. Qd2 Rb8 19. b3 a5 20. Bd3 Nd8 21. O-O Ne6 22. Kh1 Bb7 23. Rad1 Bg5 24. Be2 Bxe3 25. Nxe3 Nd4 26. Nf5 Nxf5 27. exf5 Qxf5 28. Qxd6 Rfc8 29. Qe7 Bc6 30. Rd6 f6 31. g4 Qc2 32. Qe6+ Kh8 33. Bd3 Qc3 34. Qf5 g6 35. Qxf6+ Kg8 36. Bxg6 hxg6 37. Qxg6+ Kh8 38. Qh6+ 1-0

[Event "46th GRE-chT Premier 2018"]
[Site "Rio Achaia"]
[Date "2018.07.15"]
[Round "7"]
[White "Moshovakis, Aggelos"]
[Black "Tsekmes, Dimitrios"]
[Result "1-0"]
[WhiteElo "1964"]
[BlackElo "2170"]
[Annotator "NA"]
[PlyCount "83"]
[EventDate "2018.07.10"]
[EventType "team-tourn"]
[EventCountry "GRE"]
[SourceTitle "playchess.com"]
[Source "ChessBase"]
[SourceQuality "1"]

1. e4 e5 2. Nf3 Nc6 3. Bc4 Bc5 4. O-O Nf6 5. d3 O-O 6. Re1 d5 7. exd5 Nxd5 8. Nxe5 Bxf2+ 9. Kxf2 Nxe5 10. Rxe5 Qh4+ 11. Kf1 Qf6+ 12. Qf3 Qxe5 13. Bxd5 c6 14. Bb3 Qxh2 15. Be3 Be6 16. Nd2 Qh1+ 17. Bg1 Rfe8 18. Qg3 Bxb3 19. axb3 h6 20. Qh2 Qxh2 21. Bxh2 a6 22. Ne4 f6 23. Nc5 Re7 24. Bd6 Rf7 25. Ra4 Rd8 26. Bg3 Re8 27. Rb4 b5 28. Rd4 Rfe7 29. Ne4 c5 30. Nxc5 Re2 31. Rd8 Rxd8 32. Kxe2 g5 33. Nxa6 Kf7 34. Nc7 f5 35. Nxb5 f4 36. Bf2 Kg6 37. c4 g4 38. c5 Re8+ 39. Kf1 g3 40. c6 gxf2 41. c7 Rc8 42. d4 1-0

[Event "46th GRE-chT Premier 2018"]
[Site "Rio Achaia"]
[Date "2018.07.15"]
[Round "7"]
[White "Spiliopoulos, Alexios"]
[Black "Panagiotakopoulos, Gerasimos"]
[Result "1/2-1/2"]
[WhiteElo "1943"]
[BlackElo "2165"]
[Annotator "NA"]
[PlyCount "90"]
[EventDate "2018.07.10"]
[EventType "team-tourn"]
[EventCountry "GRE"]
[SourceTitle "playchess.com"]
[Source "ChessBase"]
[SourceQuality "1"]

1. e4 c5 2. Nf3 d6 3. Bb5+ Bd7 4. Bxd7+ Qxd7 5. O-O Nf6 6. e5 dxe5 7. Nxe5 Qd4 8. Nf3 Qd8 9. d4 cxd4 10. Nxd4 e6 11. c3 Be7 12. Qa4+ Qd7 13. Qxd7+ Nbxd7 14. Bg5 h6 15. Bxf6 Bxf6 16. Rd1 a6 17. Na3 Rc8 18. Nac2 Ke7 19. Nb3 Nb6 20. Ne3 Na4 21. Rab1 Bxc3 22. bxc3 Nxc3 23. Re1 Nxb1 24. Rxb1 b5 25. Kf1 g5 26. Ke2 f5 27. Rb2 Kf6 28. Nc2 Rhd8 29. Nb4 Rd6 30. Na5 Rc7 31. g3 e5 32. Rb3 g4 33. Rb2 h5 34. Nd3 Rd4 35. Nb3 Rdc4 36. Ne1 f4 37. Rd2 Re4+ 38. Kd1 Ke6 39. Nd3 Ke7 40. Nbc5 Rd4 41. Nb3 Rd5 42. gxf4 exf4 43. Nxf4 Rxd2+ 44. Kxd2 Rc4 45. Nxh5 Ra4 1/2-1/2

[Event "46th GRE-chT Premier 2018"]
[Site "Rio Achaia"]
[Date "2018.07.15"]
[Round "7"]
[White "Loukopoulos, Panagiotis-Athanasi"]
[Black "Spyropoulos, Nikolaos"]
[Result "0-1"]
[WhiteElo "1942"]
[BlackElo "2293"]
[Annotator "NA"]
[PlyCount "54"]
[EventDate "2018.07.10"]
[EventType "team-tourn"]
[EventCountry "GRE"]
[SourceTitle "playchess.com"]
[Source "ChessBase"]
[SourceQuality "1"]

1. e4 e6 2. d4 d5 3. e5 c5 4. c3 Nc6 5. Nf3 Bd7 6. Be2 Nge7 7. Na3 Ng6 8. Nc2 Be7 9. O-O O-O 10. g3 cxd4 11. cxd4 f6 12. exf6 Bxf6 13. Re1 Qb6 14. Rb1 Rac8 15. Be3 Nce7 16. Qd2 Nf5 17. b4 Nd6 18. Ne5 Ba4 19. Bd3 Bxe5 20. Bxg6 Bxg3 21. hxg3 hxg6 22. Na3 Ne4 23. Qb2 Rf3 24. Rbc1 Rcf8 25. Re2 Qd6 26. Kh1 R8f5 27. g4 Rh3+ 0-1

[Event "46th GRE-chT Premier 2018"]
[Site "Rio Achaia"]
[Date "2018.07.15"]
[Round "7"]
[White "Papadopoulos, Asterios"]
[Black "Berbatis, Antonios"]
[Result "0-1"]
[WhiteElo "1918"]
[BlackElo "1881"]
[Annotator "NA"]
[PlyCount "53"]
[EventDate "2018.07.10"]
[EventType "team-tourn"]
[EventCountry "GRE"]
[SourceTitle "playchess.com"]
[Source "ChessBase"]
[SourceQuality "1"]

1. d4 Nf6 2. Nf3 e6 3. e3 d5 4. c4 Be7 5. Bd3 O-O 6. O-O b6 7. Nc3 Bb7 8. b3 Nbd7 9. Re1 Ne4 10. Qc2 f5 11. cxd5 exd5 12. Bb2 c5 13. Rad1 Rc8 14. Bb5 Ndf6 15. dxc5 bxc5 16. Ne5 Qb6 17. Nd7 Nxd7 18. Bxd7 Nxc3 19. Bxc3 Rc7 20. Bxf5 g6 21. Bg4 Bf6 22. Bxf6 Qxf6 23. Bf3 Qg5 24. Kh1 Rcf7 25. Qxc5 Rxf3 26. gxf3 Qh5 27. f4 0-1

[Event "46th GRE-chT Premier 2018"]
[Site "Rio Achaia"]
[Date "2018.07.15"]
[Round "7"]
[White "Gkonelas, Nikolaos"]
[Black "Spirakopoulos, Ioannis"]
[Result "1/2-1/2"]
[WhiteElo "1917"]
[BlackElo "2052"]
[Annotator "NA"]
[PlyCount "91"]
[EventDate "2018.07.10"]
[EventType "team-tourn"]
[EventCountry "GRE"]
[SourceTitle "playchess.com"]
[Source "ChessBase"]
[SourceQuality "1"]

1. e4 e6 2. Qe2 c5 3. g3 Be7 4. Bg2 d5 5. d3 Nf6 6. f4 Nc6 7. Nf3 O-O 8. e5 Nd7 9. c3 b5 10. O-O a5 11. Be3 Ba6 12. Nbd2 b4 13. c4 Nb6 14. b3 a4 15. h4 Qc7 16. Ng5 Nd4 17. Bxd4 cxd4 18. Qh5 h6 19. Nh3 Bb7 20. g4 axb3 21. axb3 dxc4 22. dxc4 Bxg2 23. Kxg2 Qb7+ 24. Kh2 Rxa1 25. Rxa1 Ra8 26. Rf1 Ra2 27. Rf2 Ra1 28. Rg2 Nd7 29. Nf2 Nc5 30. g5 g6 31. Qe2 h5 32. Nfe4 Nxe4 33. Nxe4 Rb1 34. Qd3 Re1 35. Re2 Rxe2+ 36. Qxe2 Qa8 37. Qd3 Qa1 38. Nf2 Bc5 39. Nd1 Kg7 40. Kg2 Qa8+ 41. Kh2 Qa2+ 42. Kg1 Qa1 43. Kg2 Kh7 44. Kh2 Qc1 45. Kg3 Qa1 46. Kf2 1/2-1/2

[Event "46th GRE-chT Premier 2018"]
[Site "Rio Achaia"]
[Date "2018.07.15"]
[Round "7"]
[White "Laspas, Panagiotis"]
[Black "Thanopoulos, Kleanthis"]
[Result "1-0"]
[WhiteElo "1917"]
[BlackElo "1454"]
[Annotator "NA"]
[PlyCount "49"]
[EventDate "2018.07.10"]
[EventType "team-tourn"]
[EventCountry "GRE"]
[SourceTitle "playchess.com"]
[Source "ChessBase"]
[SourceQuality "1"]

1. d4 d5 2. c4 c6 3. Nf3 Nf6 4. e3 Bf5 5. Nc3 e6 6. Bd3 Bxd3 7. Qxd3 Bb4 8. O-O O-O 9. a3 Be7 10. Re1 Nbd7 11. e4 dxe4 12. Nxe4 Nxe4 13. Qxe4 Nf6 14. Qe2 Qc7 15. b3 Rfe8 16. Bb2 Rad8 17. Rad1 c5 18. d5 exd5 19. Bxf6 gxf6 20. Rxd5 Rxd5 21. cxd5 Qd7 22. Nh4 Qxd5 23. Qg4+ Kh8 24. Nf5 Rg8 25. Qxg8+ 1-0

[Event "46th GRE-chT Premier 2018"]
[Site "Rio Achaia"]
[Date "2018.07.15"]
[Round "7"]
[White "Pavlidis, Pavlos"]
[Black "Kouskoutis, Georgios-Alexandros"]
[Result "0-1"]
[WhiteElo "1906"]
[BlackElo "2307"]
[Annotator "NA"]
[PlyCount "125"]
[EventDate "2018.07.10"]
[EventType "team-tourn"]
[EventCountry "GRE"]
[SourceTitle "playchess.com"]
[Source "ChessBase"]
[SourceQuality "1"]

1. e4 c5 2. Nf3 e6 3. d4 cxd4 4. Nxd4 Nc6 5. Nc3 Qc7 6. Nb3 a6 7. Bd3 Nf6 8. O-O Be7 9. Qe2 d6 10. Bd2 O-O 11. Kh1 b5 12. f4 b4 13. Nd1 a5 14. Be3 Bb7 15. Nf2 Rac8 16. Ng4 Nxg4 17. Qxg4 Bf6 18. Rab1 a4 19. Nd2 g6 20. Nf3 Rce8 21. Bd2 Bg7 22. f5 Bc8 23. Bg5 exf5 24. exf5 Ne7 25. Nh4 Qc5 26. Qg3 Nc6 27. f6 Bh8 28. Bh6 Ne5 29. Bxf8 Rxf8 30. Rbe1 Qd4 31. Re4 Qxb2 32. Qg5 Nd7 33. Ref4 Qe5 34. Rf5 Qd4 35. Rd5 Bxf6 36. Rxd4 Bxg5 37. Rxb4 Nc5 38. Bb5 Be6 39. a3 Rb8 40. Nf3 Bf6 41. c4 Bc3 42. Rbb1 Bf5 43. Rbd1 Bd3 44. Rfe1 Bxe1 45. Nxe1 Bf5 46. Rxd6 Ne4 47. Rd5 Nc3 48. Re5 f6 49. Re8+ Rxe8 50. Bxe8 Kf8 51. Bc6 Ke7 52. Nf3 Kd6 53. Be8 Be6 54. Nd2 Kc5 55. Bxa4 Nxa4 56. Ne4+ Kxc4 57. Nxf6 h6 58. g4 Kd4 59. h3 Nc5 60. Kh2 Ke5 61. Ne8 Na6 62. Kg3 Bd7 63. Ng7 0-1

[Event "46th GRE-chT Premier 2018"]
[Site "Rio Achaia"]
[Date "2018.07.15"]
[Round "7"]
[White "Serefidou, Despina"]
[Black "Szczepkowska, Karina"]
[Result "0-1"]
[WhiteElo "1906"]
[BlackElo "2396"]
[Annotator "NA"]
[PlyCount "72"]
[EventDate "2018.07.10"]
[EventType "team-tourn"]
[EventCountry "GRE"]
[SourceTitle "playchess.com"]
[Source "ChessBase"]
[SourceQuality "1"]

1. e4 c5 2. Nf3 a6 3. d4 cxd4 4. Nxd4 Nf6 5. Nc3 e5 6. Nf3 Bb4 7. Bd2 d6 8. Nd5 Nxd5 9. exd5 Bc5 10. Be2 e4 11. Ng1 Qh4 12. g3 Qf6 13. Be3 Qxb2 14. Bxc5 Qc3+ 15. Kf1 Qxc5 16. a4 b6 17. Qd2 O-O 18. c4 Nd7 19. Qe3 Qxe3 20. fxe3 Nc5 21. Bd1 Bd7 22. h4 b5 23. cxb5 axb5 24. a5 Na4 25. Rh2 Rxa5 26. Rha2 Raa8 27. Ne2 Rac8 28. Nd4 Nc3 29. Ra6 Nxd5 30. Rxd6 Nxe3+ 31. Kf2 Nxd1+ 32. Rxd1 Bg4 33. Rb1 Rfe8 34. Ke3 Rc3+ 35. Kf4 h5 36. Rxb5 e3 0-1

[Event "46th GRE-chT Premier 2018"]
[Site "Rio Achaia"]
[Date "2018.07.15"]
[Round "7"]
[White "Vallianos, Gerasimos"]
[Black "Loutragotis, Dimitrios"]
[Result "1/2-1/2"]
[WhiteElo "1899"]
[BlackElo "2173"]
[Annotator "NA"]
[PlyCount "101"]
[EventDate "2018.07.10"]
[EventType "team-tourn"]
[EventCountry "GRE"]
[SourceTitle "playchess.com"]
[Source "ChessBase"]
[SourceQuality "1"]

1. d4 Nf6 2. Nf3 g6 3. g3 Bg7 4. Bg2 O-O 5. O-O d6 6. c4 Nbd7 7. Nc3 e5 8. e4 Re8 9. h3 exd4 10. Nxd4 Nc5 11. Re1 a5 12. b3 Nfd7 13. Be3 a4 14. b4 Ne6 15. Rc1 Ne5 16. Nd5 Ra6 17. b5 Ra8 18. f4 Nd7 19. Kh2 Nec5 20. Bg1 h5 21. b6 Nxb6 22. Nxb6 cxb6 23. Nb5 Bf8 24. Qd4 h4 25. g4 g5 26. Rcd1 gxf4 27. Nxd6 Bxd6 28. Qxd6 Qxd6 29. Rxd6 Be6 30. Rxb6 Nd3 31. Rd1 Bxc4 32. Rxb7 f3 33. Bxf3 Ne5 34. Kg2 Bxa2 35. Bd4 Bb3 36. Rc1 Rad8 37. Be3 Rd3 38. Kf2 Rd6 39. Be2 Ng6 40. Bc4 Rf6+ 41. Ke2 Rxe4 42. Bxb3 axb3 43. Rc8+ Kg7 44. Rxb3 Rfe6 45. Kf3 Ra4 46. Rc2 Ne5+ 47. Kg2 Re4 48. Rf2 Nxg4 49. hxg4 Rxe3 50. Rf3 Re1 51. Rf2 1/2-1/2

[Event "46th GRE-chT Premier 2018"]
[Site "Rio Achaia"]
[Date "2018.07.15"]
[Round "7"]
[White "Georgiadis, Alexandros"]
[Black "Ilandzis, Spyridon"]
[Result "1-0"]
[WhiteElo "1882"]
[BlackElo "1980"]
[Annotator "NA"]
[PlyCount "125"]
[EventDate "2018.07.10"]
[EventType "team-tourn"]
[EventCountry "GRE"]
[SourceTitle "playchess.com"]
[Source "ChessBase"]
[SourceQuality "1"]

1. d4 Nf6 2. c4 e6 3. Nf3 b6 4. g3 Ba6 5. b3 d5 6. Nbd2 Bb4 7. Qc2 O-O 8. Bg2 Nbd7 9. O-O Rc8 10. e4 c5 11. e5 Ne8 12. Bb2 cxd4 13. Bxd4 Nb8 14. Bb2 b5 15. Rfc1 Qe7 16. Bf1 Nd7 17. Qd1 bxc4 18. bxc4 dxc4 19. Bxc4 Bb7 20. Qe2 Ba3 21. Rab1 Bxb2 22. Rxb2 Nb6 23. Rbc2 Nc7 24. Bd3 Ncd5 25. Rxc8 Rxc8 26. Rxc8+ Nxc8 27. Qe4 g6 28. Qa4 Qc7 29. Ne4 Qc1+ 30. Kg2 Bc6 31. Bb5 Ncb6 32. Qa5 Ne3+ 33. fxe3 Bxe4 34. Kf2 Qc5 35. Nd2 Bc6 36. a4 Qxe5 37. Qxa7 Qf5+ 38. Ke1 Bxb5 39. Qxb6 Bd3 40. Qd8+ Kg7 41. e4 Qe5 42. Qxd3 Qa1+ 43. Ke2 Qxa4 44. Ke3 f6 45. Qd6 Qa7+ 46. Ke2 e5 47. Qe6 g5 48. Nf1 Qd4 49. Qf5 Qc4+ 50. Kf2 Qc2+ 51. Kg1 Qc1 52. h4 gxh4 53. gxh4 Qe1 54. Qg4+ Kh6 55. Kg2 Qc1 56. Ng3 Qd2+ 57. Kh3 Qd3 58. h5 Qe3 59. Kh4 Qf2 60. Qf5 Qh2+ 61. Kg4 Kg7 62. Qd7+ Kf8 63. Qxh7 1-0

[Event "46th GRE-chT Premier 2018"]
[Site "Rio Achaia"]
[Date "2018.07.15"]
[Round "7"]
[White "Bardis, Harilaos-Panagiotis"]
[Black "Galanakis, Nikolaos"]
[Result "1-0"]
[WhiteElo "1866"]
[BlackElo "1579"]
[Annotator "NA"]
[PlyCount "71"]
[EventDate "2018.07.10"]
[EventType "team-tourn"]
[EventCountry "GRE"]
[SourceTitle "playchess.com"]
[Source "ChessBase"]
[SourceQuality "1"]

1. e4 c5 2. Nf3 Nc6 3. c3 d6 4. d4 cxd4 5. cxd4 e6 6. Nc3 Nf6 7. Bb5 Bd7 8. O-O Be7 9. h3 O-O 10. Bf4 a6 11. Ba4 b5 12. Bc2 Rc8 13. Rc1 Ne8 14. Bb1 f6 15. Bg3 Nc7 16. a3 f5 17. d5 exd5 18. exf5 Bxf5 19. Nxd5 Bxb1 20. Rxc6 Be4 21. Nxe7+ Qxe7 22. Bxd6 Qf7 23. Ne5 Bxc6 24. Nxf7 Rxf7 25. Bxc7 Rfxc7 26. Re1 Rd7 27. Qg4 Rdc7 28. Qe6+ Kh8 29. Kh2 h6 30. Qd6 Rd7 31. Qg6 Rdc7 32. f4 Bb7 33. Qb6 Rf7 34. Kg3 Rc2 35. Qd8+ Kh7 36. Qd3+ 1-0

[Event "46th GRE-chT Premier 2018"]
[Site "Rio Achaia"]
[Date "2018.07.15"]
[Round "7"]
[White "Koutlas, Nikolaos"]
[Black "Magklaras, Panagiotis"]
[Result "1/2-1/2"]
[WhiteElo "1856"]
[BlackElo "1131"]
[Annotator "NA"]
[PlyCount "89"]
[EventDate "2018.07.10"]
[EventType "team-tourn"]
[EventCountry "GRE"]
[SourceTitle "playchess.com"]
[Source "ChessBase"]
[SourceQuality "1"]

1. e4 c5 2. Nf3 g6 3. c4 Nc6 4. d4 cxd4 5. Nxd4 Nf6 6. Nc3 Nxd4 7. Qxd4 d6 8. Be3 Bg7 9. Be2 O-O 10. Qd2 Be6 11. Rc1 Rc8 12. b3 Ng4 13. Bxg4 Bxg4 14. f3 Be6 15. O-O Re8 16. Nd5 b6 17. Rc2 Qd7 18. Rfc1 Bxd5 19. cxd5 Qb7 20. Rc6 e6 21. dxe6 fxe6 22. Rxd6 Rxc1+ 23. Qxc1 Be5 24. Rc6 Qb8 25. f4 Bg7 26. Rc7 Rd8 27. Qc6 e5 28. Qc4+ Kh8 29. Qf7 Rg8 30. fxe5 Qd8 31. g3 Qd3 32. Qf2 Rf8 33. Qe1 Bxe5 34. Re7 Qxe4 35. Qd2 Qf3 36. Bf2 Bf6 37. Bd4 a6 38. Re6 Bxd4+ 39. Qxd4+ Kg8 40. Re1 Qf6 41. Qxf6 Rxf6 42. Re7 Rc6 43. h4 Rc2 44. Re6 Rxa2 45. Rxb6 1/2-1/2

[Event "46th GRE-chT Premier 2018"]
[Site "Rio Achaia"]
[Date "2018.07.15"]
[Round "7"]
[White "Pasoglou, Ekaterini"]
[Black "Grammatikaki, Aggeliki"]
[Result "1-0"]
[WhiteElo "1849"]
[BlackElo "1679"]
[Annotator "NA"]
[PlyCount "91"]
[EventDate "2018.07.10"]
[EventType "team-tourn"]
[EventCountry "GRE"]
[SourceTitle "playchess.com"]
[Source "ChessBase"]
[SourceQuality "1"]

1. e4 c5 2. Nf3 e6 3. d4 cxd4 4. Nxd4 Nc6 5. Nb5 d6 6. c4 a6 7. N5a3 Nf6 8. Nc3 Be7 9. Be2 O-O 10. Be3 Qc7 11. O-O Ne5 12. f4 Ng6 13. g3 Rd8 14. Bf3 d5 15. exd5 exd5 16. Nxd5 Nxd5 17. cxd5 Bh3 18. Rf2 Be6 19. Qb3 Bh3 20. Rc1 Qd7 21. Rfc2 Rac8 22. Rxc8 Rxc8 23. Rxc8+ Qxc8 24. Nc4 b5 25. Nb6 Qc7 26. Qc3 Qxc3 27. bxc3 Nf8 28. c4 bxc4 29. Nxc4 Nd7 30. d6 Bf6 31. Bb7 Nb8 32. Ba7 Be6 33. Bxb8 Bxc4 34. Bc7 Bb5 35. Bc8 Bd4+ 36. Kg2 Bc6+ 37. Kf1 Bb5+ 38. Ke1 Bg1 39. d7 Bxd7 40. Bxd7 Bxh2 41. Kf2 f6 42. Bc8 g5 43. fxg5 fxg5 44. Bxa6 h5 45. Kg2 Bxg3 46. Kxg3 1-0

[Event "46th GRE-chT Premier 2018"]
[Site "Rio Achaia"]
[Date "2018.07.15"]
[Round "7"]
[White "Sotiropoulos, Anastasios-Theohar"]
[Black "Marinakis, Hristos"]
[Result "1/2-1/2"]
[WhiteElo "1834"]
[BlackElo "1942"]
[Annotator "NA"]
[PlyCount "82"]
[EventDate "2018.07.10"]
[EventType "team-tourn"]
[EventCountry "GRE"]
[SourceTitle "playchess.com"]
[Source "ChessBase"]
[SourceQuality "1"]

1. Nf3 Nf6 2. g3 d6 3. d4 g6 4. b3 Bg7 5. Bb2 Nbd7 6. Bg2 O-O 7. O-O c6 8. c4 Qc7 9. Nc3 e5 10. Rc1 Rd8 11. e3 Nf8 12. h3 a6 13. Qc2 Rb8 14. Rfd1 exd4 15. Nxd4 Ne6 16. Nxe6 fxe6 17. e4 e5 18. c5 Ne8 19. Ba3 Be6 20. cxd6 Nxd6 21. Nd5 Bxd5 22. Bxd6 Rxd6 23. Rxd5 Rbd8 24. Rcd1 Qe7 25. Rxd6 Rxd6 26. Rxd6 Qxd6 27. Bf1 b5 28. a4 Bf8 29. Bd3 Qd4 30. Kg2 Bc5 31. Bf1 Kf7 32. h4 Ke7 33. Kf3 Bb6 34. Bh3 Kd8 35. Be6 Kc7 36. axb5 axb5 37. Bd5 Bc5 38. Be6 Kb6 39. Bh3 Ka5 40. Kg2 Kb4 41. Kf1 Ka5 1/2-1/2

[Event "46th GRE-chT Premier 2018"]
[Site "Rio Achaia"]
[Date "2018.07.15"]
[Round "7"]
[White "Stefanou, Dimitrios"]
[Black "Trapalis, Theodoros"]
[Result "0-1"]
[WhiteElo "1824"]
[BlackElo "1386"]
[Annotator "NA"]
[PlyCount "84"]
[EventDate "2018.07.10"]
[EventType "team-tourn"]
[EventCountry "GRE"]
[SourceTitle "playchess.com"]
[Source "ChessBase"]
[SourceQuality "1"]

1. Nf3 Nf6 2. d4 e6 3. c4 b6 4. a3 Bb7 5. Nc3 Be7 6. Bg5 O-O 7. e3 d6 8. Bd3 Nbd7 9. O-O c5 10. Qe2 h6 11. Bh4 Rc8 12. Rad1 Re8 13. Rfe1 d5 14. cxd5 Nxd5 15. Bxe7 Qxe7 16. Nxd5 Bxd5 17. e4 Bb7 18. Bb5 Red8 19. Ba6 Bxa6 20. Qxa6 Nf6 21. dxc5 bxc5 22. g3 Qc7 23. Rxd8+ Rxd8 24. Qc4 Qb6 25. Re2 a5 26. Kg2 Ne8 27. e5 Nc7 28. Qe4 Nd5 29. h4 Qb3 30. g4 c4 31. g5 hxg5 32. Nxg5 Qd3 33. Qg4 c3 34. Re4 c2 35. Re1 Qd2 36. Qf3 Nf4+ 37. Kg3 Qxe1 38. Qxf4 Rf8 39. Ne4 c1=Q 40. Nf6+ gxf6 41. Qg4+ Kh7 42. Qh5+ Qh6 0-1

[Event "46th GRE-chT Premier 2018"]
[Site "Rio Achaia"]
[Date "2018.07.15"]
[Round "7"]
[White "Petraki, Evaggelia"]
[Black "Moshou, Alexia"]
[Result "1-0"]
[WhiteElo "1814"]
[BlackElo "1582"]
[Annotator "NA"]
[PlyCount "69"]
[EventDate "2018.07.10"]
[EventType "team-tourn"]
[EventCountry "GRE"]
[SourceTitle "playchess.com"]
[Source "ChessBase"]
[SourceQuality "1"]

1. e4 e5 2. Nf3 Nf6 3. Nc3 Bb4 4. d3 d5 5. Bd2 Bg4 6. Be2 Nc6 7. h3 Bxf3 8. Bxf3 dxe4 9. Nxe4 Bxd2+ 10. Qxd2 Nd5 11. O-O Nd4 12. Bd1 Nf4 13. c3 Nde6 14. Ba4+ c6 15. Rad1 f5 16. Ng3 h5 17. Qe3 Qd5 18. f3 Qxa2 19. Bc2 Qxb2 20. Qd2 Qb6+ 21. Kh2 g6 22. Rde1 h4 23. Ne2 Nd5 24. d4 O-O-O 25. Rb1 Qc7 26. Ra1 exd4+ 27. Kh1 Ne3 28. Rfb1 Kb8 29. Bd3 Nf4 30. Nxf4 Qxf4 31. Qa2 Kc7 32. Qf7+ Kd6 33. Qf6+ Kd7 34. Rxb7+ Qc7 35. Qf7+ 1-0

[Event "46th GRE-chT Premier 2018"]
[Site "Rio Achaia"]
[Date "2018.07.15"]
[Round "7"]
[White "Georgitsi, Antigoni"]
[Black "Kokkota, Fotini"]
[Result "0-1"]
[WhiteElo "1811"]
[BlackElo "1615"]
[Annotator "NA"]
[PlyCount "78"]
[EventDate "2018.07.10"]
[EventType "team-tourn"]
[EventCountry "GRE"]
[SourceTitle "playchess.com"]
[Source "ChessBase"]
[SourceQuality "1"]

1. c4 c5 2. Nc3 Nf6 3. g3 d5 4. cxd5 Nxd5 5. Bg2 Nc7 6. d3 e5 7. Nf3 Nc6 8. O-O Be7 9. Bd2 O-O 10. Rc1 Rb8 11. a3 Bd7 12. Ne4 b6 13. Bc3 f6 14. e3 Kh8 15. b3 Nd5 16. Bb2 Qe8 17. d4 exd4 18. exd4 cxd4 19. Nxd4 Nxd4 20. Qxd4 Be6 21. Qd3 Qf7 22. b4 Rfd8 23. Qf3 Bf8 24. Rc2 Qg6 25. Rfc1 Bf5 26. Rc6 Bd7 27. R6c2 Bf5 28. Rd2 Bg4 29. Qb3 f5 30. Rxd5 fxe4 31. Rc7 Be6 32. Rxd8 Rxd8 33. Qa4 Qg4 34. Rc1 Qe2 35. Bc3 e3 36. f4 Qf2+ 37. Kh1 e2 38. Qc2 Bd5 39. Bxd5 Qf1+ 0-1

[Event "46th GRE-chT Premier 2018"]
[Site "Rio Achaia"]
[Date "2018.07.15"]
[Round "7"]
[White "Makris, Spyridon-Dionysios"]
[Black "Kartsidima, Aikaterini"]
[Result "1-0"]
[WhiteElo "1799"]
[BlackElo "1402"]
[Annotator "NA"]
[PlyCount "71"]
[EventDate "2018.07.10"]
[EventType "team-tourn"]
[EventCountry "GRE"]
[SourceTitle "playchess.com"]
[Source "ChessBase"]
[SourceQuality "1"]

1. d4 Nf6 2. c4 g6 3. Nc3 Bg7 4. e4 d6 5. Be2 O-O 6. Nf3 e5 7. d5 c5 8. a3 Ne8 9. h4 f5 10. Nd2 Nf6 11. b4 Na6 12. Rb1 fxe4 13. Ndxe4 Nxe4 14. Nxe4 Bf5 15. Bf3 b6 16. Bg5 Qc7 17. b5 Nb8 18. Qd2 Nd7 19. g4 Bxe4 20. Bxe4 Nf6 21. Bxf6 Rxf6 22. g5 Rf4 23. f3 Qe7 24. Qg2 Qf7 25. Qh3 Qe7 26. Rb2 Kf7 27. h5 Rh8 28. Rg2 Qe8 29. a4 Qe7 30. Ke2 Qe8 31. Ke3 Qc8 32. Qh2 Qb7 33. hxg6+ hxg6 34. Qxh8 Bxh8 35. Rxh8 Ke7 36. Bxg6 1-0

[Event "46th GRE-chT Premier 2018"]
[Site "Rio Achaia"]
[Date "2018.07.15"]
[Round "7"]
[White "Liapi Zenebisi, Irini"]
[Black "Papageorgiou, Fotini"]
[Result "1-0"]
[WhiteElo "1788"]
[BlackElo "1442"]
[Annotator "NA"]
[PlyCount "57"]
[EventDate "2018.07.10"]
[EventType "team-tourn"]
[EventCountry "GRE"]
[SourceTitle "playchess.com"]
[Source "ChessBase"]
[SourceQuality "1"]

1. d4 Nf6 2. c4 g6 3. Nf3 c5 4. d5 d6 5. Nc3 Bg7 6. e4 O-O 7. Bd3 Bg4 8. h3 Bxf3 9. Qxf3 Nbd7 10. Qe2 a6 11. a4 e6 12. O-O Rc8 13. f4 Nh5 14. Qe1 exd5 15. cxd5 c4 16. Bc2 Nc5 17. Be3 Re8 18. Bxc5 Rxc5 19. Kh1 f5 20. g4 fxg4 21. hxg4 Nf6 22. Qg3 Nd7 23. Rf2 Qb6 24. Raf1 Qxb2 25. e5 dxe5 26. Bxg6 exf4 27. Bxh7+ Kh8 28. Qh2 Qxc3 29. Bg6+ 1-0

[Event "46th GRE-chT Premier 2018"]
[Site "Rio Achaia"]
[Date "2018.07.15"]
[Round "7"]
[White "Antoniadou, Paraskevi"]
[Black "Makropoulou, Marina"]
[Result "0-1"]
[WhiteElo "1764"]
[BlackElo "2135"]
[Annotator "NA"]
[PlyCount "78"]
[EventDate "2018.07.10"]
[EventType "team-tourn"]
[EventCountry "GRE"]
[SourceTitle "playchess.com"]
[Source "ChessBase"]
[SourceQuality "1"]

1. e4 c5 2. Nf3 e6 3. c3 d5 4. exd5 exd5 5. d4 Nc6 6. Bb5 Bd6 7. O-O Nge7 8. dxc5 Bxc5 9. Nbd2 O-O 10. Nb3 Bd6 11. Bd3 Ng6 12. Bc2 Bc7 13. Nfd4 Qh4 14. g3 Qh3 15. f4 Bg4 16. Qd2 Rfe8 17. Qf2 Bb6 18. Be3 Nh4 19. gxh4 Rxe3 20. Bd1 Rae8 21. Qg2 Qxg2+ 22. Kxg2 Bh3+ 23. Kf2 Nxd4 24. cxd4 Bxf1 25. Kxf1 Re1+ 26. Kg2 Bd8 27. h5 Bc7 28. f5 Bf4 29. Bf3 Rxa1 30. Nxa1 Re1 31. Nc2 Rb1 32. Bxd5 Rxb2 33. Bb3 a5 34. Kf3 Bxh2 35. Ne3 b5 36. Ng4 a4 37. Bd5 b4 38. Ke3 b3 39. axb3 a3 0-1

[Event "46th GRE-chT Premier 2018"]
[Site "Rio Achaia"]
[Date "2018.07.15"]
[Round "7"]
[White "Koutsidis, Achilleas"]
[Black "Symeonidis, Theofilos"]
[Result "0-1"]
[WhiteElo "1743"]
[BlackElo "1605"]
[Annotator "NA"]
[PlyCount "106"]
[EventDate "2018.07.10"]
[EventType "team-tourn"]
[EventCountry "GRE"]
[SourceTitle "playchess.com"]
[Source "ChessBase"]
[SourceQuality "1"]

1. d4 Nf6 2. c4 e6 3. Nc3 Bb4 4. e3 O-O 5. Bd3 c5 6. Nge2 b6 7. O-O d5 8. cxd5 exd5 9. dxc5 Bxc5 10. Nf4 Bb7 11. Nh5 Nbd7 12. Nb5 Nxh5 13. Qxh5 Nf6 14. Qf5 Re8 15. b4 g6 16. Qf4 Be7 17. Bb2 a6 18. Bxf6 Bxf6 19. Nd4 Be5 20. Qf3 Qd6 21. g3 Qxb4 22. Rab1 Qd6 23. Qg4 Bc8 24. Qd1 Bh3 25. Re1 Qf6 26. Bf1 Bxf1 27. Rxf1 Bxd4 28. exd4 Re4 29. Rb4 a5 30. f3 axb4 31. fxe4 Qe6 32. e5 Rxa2 33. Qb3 Re2 34. Qxb4 Qh3 35. Rf2 Rxf2 36. Kxf2 Qxh2+ 37. Kf3 Qh1+ 38. Kf2 Qh2+ 39. Kf3 Qh5+ 40. Kf2 Qf5+ 41. Kg2 Qc2+ 42. Kh3 Qc6 43. Kg2 b5 44. Qe7 Qc2+ 45. Kh3 Qf5+ 46. Kg2 Qe4+ 47. Kh2 Qxd4 48. Qd8+ Kg7 49. Qf6+ Kh6 50. Qxf7 Qxe5 51. Qf8+ Kg5 52. Qd8+ Kg4 53. Qh4+ Kf3 0-1